[Event "SR 3. liga A2 2008/2009"]
[Site "?"]
[Date "2009.01.25"]
[Round "6.6"]
[White "Husek, Lubomir"]
[Black "Vogl, Zdenek"]
[Result "0-1"]
[WhiteElo "1738"]
[BlackElo "1885"]
[PlyCount "140"]
[EventDate "2008.??.??"]

1. e4 e5 2. Nf3 Nc6 3. Bb5 a6 4. Ba4 Nf6 5. O-O Be7 6. Re1 b5 7. Bb3 O-O 8. c3
d6 9. h3 Na5 10. Bc2 c5 11. d4 cxd4 12. cxd4 Qc7 13. Nbd2 Bd7 14. Nf1 Rac8 15.
Bb1 h6 16. Ng3 Rfe8 17. Qd3 Bf8 18. Bd2 Nc4 19. Bc3 exd4 20. Bxd4 Ne5 21. Nxe5
dxe5 22. Be3 Red8 23. Qe2 Be6 24. a3 Bc5 25. b4 Bc4 26. Qf3 Bxe3 27. Qxe3 Be6
28. Ba2 Bxa2 29. Rxa2 Qc4 30. Raa1 Rd3 31. Qb6 Qd4 32. Qxd4 exd4 33. a4 Rb3 34.
axb5 axb5 35. Nf5 Rc4 36. Ne7+ Kh7 37. Nd5 Nxd5 38. exd5 d3 39. d6 d2 40. Red1
Rd3 41. Rab1 Rxd6 42. Kf1 f5 43. f3 Rdd4 44. Ke2 Rxb4 45. Rxb4 Rxb4 46. Rxd2
Kg6 47. Kd3 Kg5 48. Kc3 Rc4+ 49. Kd3 Kf4 50. Rb2 Rc5 51. Kd4 Rc1 52. Kd3 Rd1+
53. Ke2 Rd5 54. Kf2 Ke5 55. Rb4 Kd6 56. Ke3 Kc5 57. Rb1 b4 58. g4 Kc4 59. Rf1
b3 60. gxf5 Rxf5 61. Kd2 Rd5+ 62. Kc1 Ra5 63. Kb1 Ra2 64. f4 Rh2 65. Rf3 Kb4
66. f5 Ka3 67. Rf1 Rxh3 68. Kc1 Rh2 69. Kb1 Rg2 70. Kc1 Ka2 0-1

[Event "SR 3. liga A2 2008/2009"]
[Site "?"]
[Date "2009.01.25"]
[Round "6.7"]
[White "Vach, Jozef"]
[Black "Hrubos, Milan"]
[Result "1/2-1/2"]
[WhiteElo "1917"]
[BlackElo "1713"]
[PlyCount "83"]
[EventDate "2008.??.??"]

1. d4 Nf6 2. Nf3 g6 3. c4 Bg7 4. Nc3 O-O 5. e4 d6 6. Bd3 Bg4 7. h3 Bxf3 8. Qxf3
Nbd7 9. O-O e5 10. d5 Nc5 11. Bc2 a5 12. b3 Qd7 13. Be3 Ne8 14. g4 f5 15. gxf5
gxf5 16. Bxc5 fxe4 17. Qe3 dxc5 18. Nxe4 b6 19. Ng5 Nf6 20. Ne6 Rf7 21. Kh1 e4
22. Rg1 Re8 23. Nxg7 Rxg7 24. Rxg7+ Kxg7 25. Rg1+ Kf7 26. Rg5 Qd6 27. Rf5 Re5
28. Qg5 Rxf5 29. Qxf5 Qe7 30. Qf4 Qd6 31. Qf5 Qe7 32. Qg5 Qd7 33. Kg2 c6 34.
dxc6 Qxc6 35. Kf1 Qe6 36. Qg3 a4 37. Ke2 axb3 38. axb3 Qd7 39. Qe5 Qe6 40. Qc7+
Kg6 41. Qg3+ Kf7 42. Qc7+ $11 1/2-1/2

[Event "SR 3. liga A2 2008/2009"]
[Site "?"]
[Date "2009.01.25"]
[Round "6.8"]
[White "Holly, Milan"]
[Black "Hrubsa, Marian"]
[Result "1/2-1/2"]
[WhiteElo "1799"]
[BlackElo "1909"]
[PlyCount "131"]
[EventDate "2008.??.??"]

1. Nf3 g6 2. b3 Bg7 3. d4 d5 4. Bb2 Nf6 5. e3 O-O 6. c4 c6 7. Be2 Nbd7 8. O-O
Ne4 9. Nc3 Ndf6 10. cxd5 cxd5 11. Rc1 a6 12. Nd2 Nxd2 13. Qxd2 Qd6 14. Bf3 Bf5
15. g3 Bh6 16. Qe2 Ne4 17. Nxe4 dxe4 18. Bg2 Qd7 19. Rc3 Rac8 20. Rfc1 Rxc3 21.
Rxc3 Rc8 22. Qc2 Rxc3 23. Qxc3 Bg7 $11 24. Qc2 Qd5 25. h3 h5 26. Ba3 e5 27.
dxe5 Bxe5 28. Kh2 h4 29. Bb2 hxg3+ 30. fxg3 Bxb2 31. Qxb2 Bd7 32. Qf2 f5 33.
Bf1 b5 34. h4 Qd6 35. Kg2 Kg7 $11 36. Qb2+ Kg8 37. Be2 Qe6 38. Kg1 Qd6 39. Kf2
Qe6 40. Qc3 Qd6 41. b4 Bc6 42. a3 Bd7 43. Qb2 Bc6 44. Qc1 Bd7 45. Qc3 Bc6 46.
Qb3+ Bd5 47. Qd1 Qc6 48. Qd4 Bf7 49. Qd8+ Qe8 50. Qf6 Qe6 51. Qc3 Qd7 52. Bf1
Qd6 53. Be2 Qd7 54. Qf6 Qe6 55. Qd8+ Kg7 56. Qd4+ Qf6 57. Qd2 Qa1 58. Qd4+ Qxd4
59. exd4 Kf6 60. Ke3 Bc4 61. Bd1 Bd5 62. a4 Bc4 63. axb5 axb5 64. Bc2 g5 65.
hxg5+ Kxg5 66. Bd1 1/2-1/2

[Event "SR 3. liga A2 2008/2009"]
[Site "?"]
[Date "2009.01.25"]
[Round "6.1"]
[White "Pagerka, Martin"]
[Black "Pribila, Michal"]
[Result "0-1"]
[WhiteElo "1998"]
[BlackElo "2099"]
[PlyCount "92"]
[EventDate "2008.??.??"]

1. e4 c5 2. Nf3 d6 3. d4 cxd4 4. Nxd4 Nf6 5. Nc3 Nc6 6. Bg5 e6 7. Qd2 a6 8.
O-O-O h6 9. Be3 Bd7 10. f3 b5 11. Kb1 b4 12. Nxc6 Bxc6 13. Ne2 d5 14. Nd4 Bb7
15. e5 Nd7 16. f4 Be7 17. f5 Nxe5 18. fxe6 O-O 19. Bd3 Nxd3 20. Qxd3 Bf6 21.
exf7+ Rxf7 22. Rhf1 Qd7 23. Nb3 Bc6 24. Nc5 Qe7 25. Rfe1 Qe5 26. Bc1 Qxh2 27.
Re6 Bb5 28. Qg6 Rff8 29. Rxd5 Be8 30. Qg4 Bf7 31. Rxf6 Bxd5 32. Rg6 Rf7 33. Nd7
Kh7 34. Nf6+ Rxf6 35. Rxf6 gxf6 36. Qf5+ Kg7 37. Qxd5 Ra7 38. Qd4 Rc7 39. Qg4+
Kf7 40. b3 h5 41. Qe4 Qe5 42. Qxb4 Qe2 43. Bd2 Qd1+ 44. Kb2 Rxc2+ 45. Ka3 Qxd2
46. Qb7+ Kg6 0-1

[Event "SR 3. liga A2 2008/2009"]
[Site "?"]
[Date "2009.01.25"]
[Round "6.2"]
[White "Pribila, Gerhard"]
[Black "Hecko, Dusan"]
[Result "1/2-1/2"]
[WhiteElo "2013"]
[BlackElo "2160"]
[Annotator ",Jozef"]
[PlyCount "82"]
[EventDate "2008.??.??"]

1. e4 c6 2. d4 d5 3. f3 e6 4. Nc3 Nf6 5. Bf4 Be7 6. Qd3 O-O 7. O-O-O b6 8. g4
Ba6 9. Qe3 Bxf1 10. Rxf1 dxe4 11. fxe4 c5 12. dxc5 Bxc5 13. Qf3 Nc6 14. Nge2
Nd7 15. h4 Rc8 16. Rd1 Qe7 17. g5 Nde5 18. Qg3 Ng6 19. Bd6 Bxd6 20. Rxd6 Rfd8
21. Rhd1 Rxd6 22. Rxd6 Nge5 23. Rd1 Nc4 24. Nd4 Qb4 25. Nb3 N6e5 26. Rd4 a5 27.
a3 Qe7 28. Nd2 g6 29. Nxc4 Nxc4 30. Qd3 Qc7 31. Nb5 Qf4+ 32. Kb1 Ne5 33. Rd8+
Kg7 34. Qd6 Rxd8 35. Qxd8 Qf1+ 36. Ka2 Nc6 37. Qxb6 $11 Qc4+ 38. Kb1 Qxe4 39.
Nd6 Qd5 40. Qc7 Qd1+ 41. Ka2 Qf3 $11 1/2-1/2

[Event "SR 3. liga A2 2008/2009"]
[Site "?"]
[Date "2009.01.25"]
[Round "6.3"]
[White "Diviak, Rastislav"]
[Black "Kocak, Branislav"]
[Result "0-1"]
[WhiteElo "2022"]
[BlackElo "1896"]
[Annotator ",Jozef"]
[PlyCount "156"]
[EventDate "2008.??.??"]

1. e4 c5 2. Nf3 d6 3. d4 cxd4 4. Nxd4 Nf6 5. Nc3 a6 6. Be2 e5 7. Nb3 Be6 8. O-O
Be7 9. f4 exf4 10. Bxf4 O-O 11. Qe1 Nc6 12. Qg3 Qc7 13. Rad1 Rfd8 14. Kh1 b5
15. Bh6 Ne8 16. Nd4 Nxd4 17. Rxd4 g6 18. Bg5 Bxg5 19. Qxg5 Qc5 20. Qd2 Rac8 21.
a3 Qe5 $11 22. Bf3 Rc5 23. Ne2 Bc4 24. c3 Qg5 25. Qxg5 Rxg5 26. Rfd1 Bxe2 27.
Bxe2 Re5 28. Bf3 Kf8 29. Kg1 Ke7 30. a4 Rb8 31. Ra1 bxa4 32. Raxa4 Rxb2 33.
Rxa6 Rc5 34. Ra3 h5 35. Rb4 Rc2 36. Rb7+ Rc7 37. Rbb3 $11 Nf6 38. Kf1 Nd7 39.
Ke1 Rc1+ 40. Kd2 Rh1 41. h3 Ne5 42. Ke2 Rg1 43. Kf2 Rc1 44. Ke2 Rc2+ 45. Kd1
Rf2 46. Ke1 Nd3+ 47. Kd1 Nf4 48. Ke1 Nd3+ 49. Kd1 $11 Rb2 50. Rxb2 Nxb2+ 51.
Kc2 Nc4 52. Rb3 Ne5 53. Be2 Ra7 54. Kb2 Nd7 55. Rb4 Nc5 56. g3 Ke6 57. Bf3 Nd3+
58. Kb3 Nxb4 59. cxb4 Ra1 60. g4 Re1 61. Kc4 Re3 62. Bg2 hxg4 63. hxg4 Ke5 64.
b5 Re2 65. Bf3 Rc2+ 66. Kb4 Kd4 67. Bd1 Rb2+ 68. Bb3 Rh2 69. b6 Rh8 70. Bxf7
Kxe4 71. Bxg6+ Kd5 72. Kb5 Rh2 73. Bf7+ Ke5 74. b7 Kf6 75. Kb6 Rb2+ 76. Kc7
Kxf7 77. b8=Q Rxb8 78. Kxb8 d5 0-1

[Event "SR 3. liga A2 2008/2009"]
[Site "?"]
[Date "2009.01.25"]
[Round "6.4"]
[White "Brunovsky, Peter"]
[Black "Cajka, Tibor"]
[Result "0-1"]
[WhiteElo "1753"]
[BlackElo "1907"]
[PlyCount "78"]
[EventDate "2008.??.??"]

1. d4 Nf6 2. c4 e5 3. d5 Bc5 4. g3 d6 5. Bg2 Bf5 6. Nf3 Qd7 7. Nc3 O-O 8. O-O
a5 9. Re1 Ne4 10. Nxe4 Bxe4 11. Nxe5 Qf5 12. Nf3 Bc2 13. e4 Bxe4 14. Nd4 Bxd4
15. Qxd4 Bxg2 16. Kxg2 Nd7 17. Bd2 Rfe8 18. Bc3 f6 19. Re3 Rxe3 20. Qxe3 Ne5
21. Bxe5 Qxe5 22. Qxe5 dxe5 23. Kf3 f5 24. Ke3 g5 25. a3 Kf7 26. Rb1 b6 27. Rc1
Rd8 28. Rc3 a4 29. Rc2 h5 30. f3 Kf6 31. h3 Ke7 32. Rc3 Kd6 33. Rc2 Ra8 34. Rc3
Ra5 35. Rc2 Rc5 36. f4 exf4+ 37. gxf4 g4 38. hxg4 hxg4 39. Kd4 b5 0-1

[Event "SR 3. liga A2 2008/2009"]
[Site "?"]
[Date "2009.01.25"]
[Round "6.5"]
[White "Hanzluvka, Peter"]
[Black "Zajicek, Ferdinand"]
[Result "1/2-1/2"]
[WhiteElo "2038"]
[BlackElo "1946"]
[PlyCount "52"]
[EventDate "2008.??.??"]

1. e4 e5 2. Nf3 Nc6 3. Bc4 h6 4. O-O Bc5 5. c3 d6 6. d4 Bb6 7. dxe5 Be6 8. Bxe6
fxe6 9. Bf4 dxe5 10. Nxe5 Nxe5 11. Bxe5 Qg5 12. Qa4+ c6 13. Bd4 O-O-O 14. Bxb6
axb6 15. Qb3 Qe5 16. Qxb6 Qxe4 17. a4 Nf6 18. Na3 Nd5 19. Qc5 Nf4 20. f3 Qg6
21. g4 Rd2 22. Qe3 Nh3+ 23. Kh1 Rhd8 24. Nc4 R8d3 25. Qe5 Nf2+ 26. Kg1 Nh3+
1/2-1/2

[Event "SR 3. liga A2 2008/2009"]
[Site "?"]
[Date "2009.01.25"]
[Round "6.6"]
[White "Kastler, Peter"]
[Black "Danada, Ondrej"]
[Result "1/2-1/2"]
[WhiteElo "1690"]
[BlackElo "1891"]
[Annotator ",Jozef"]
[PlyCount "77"]
[EventDate "2008.??.??"]

1. d4 Nf6 2. c4 g6 3. Nc3 d5 4. cxd5 Nxd5 5. e4 Nxc3 6. bxc3 Bg7 7. Bc4 c5 8.
Ne2 cxd4 9. cxd4 Nc6 10. Be3 Qa5+ 11. Bd2 Qc7 12. Be3 O-O 13. Rc1 Rd8 14. d5
Ne5 15. Qb3 Qd6 16. O-O Ng4 17. Bf4 Be5 18. Qg3 Bxf4 19. Qxf4 Qxf4 20. Nxf4 Bd7
21. Rc3 Rac8 22. Rfc1 Ne5 23. Be2 Rxc3 24. Rxc3 Rc8 25. Rxc8+ Bxc8 26. Nd3 Nxd3
27. Bxd3 Bd7 28. Kf1 Kg7 29. Ke2 Kf6 30. Ke3 Ke5 31. f4+ Kd6 32. Kd4 f6 33. e5+
fxe5+ 34. fxe5+ Kc7 35. Ke4 g5 36. e6 Be8 37. Ke5 h6 38. g3 a6 39. Be4 $11
1/2-1/2

[Event "SR 3. liga A2 2008/2009"]
[Site "?"]
[Date "2009.01.25"]
[Round "6.7"]
[White "Pagerka, Slavomir"]
[Black "Drska, Michal"]
[Result "0-1"]
[WhiteElo "1848"]
[BlackElo "1350"]
[PlyCount "66"]
[EventDate "2008.??.??"]

1. e4 e5 2. Nf3 Nc6 3. d4 exd4 4. Nxd4 Nf6 5. Nxc6 bxc6 6. e5 Nd5 7. c4 Nb6 8.
Be3 Qe7 9. Bd4 Qe6 10. Nd2 Bb4 11. b3 c5 12. Bb2 d5 13. f4 O-O 14. Qc2 d4 15.
O-O-O a5 16. Bd3 h6 17. Be4 Ra7 18. a3 Bxd2+ 19. Rxd2 a4 20. f5 Qxe5 21. b4
Nxc4 22. Qxc4 Qxe4 23. Re2 Qf4+ 24. Rd2 Bxf5 25. bxc5 Qe4 26. Qa2 Re8 27. Bxd4
Rb7 28. Bb2 Rb3 29. h3 Qc4+ 30. Kd1 Qxc5 31. Rf1 Bg6 32. g4 Qc4 33. Rff2 Bc2+
0-1

[Event "SR 3. liga A2 2008/2009"]
[Site "?"]
[Date "2009.01.25"]
[Round "6.8"]
[White "Valla, Tomas"]
[Black "Skapik, Branislav"]
[Result "0-1"]
[WhiteElo "1350"]
[BlackElo "1823"]
[PlyCount "94"]
[EventDate "2008.??.??"]

1. e4 e6 2. f4 b6 3. d4 Bb7 4. Nc3 Bb4 5. Bd3 Nf6 6. Qe2 O-O 7. Bd2 c5 8. a3
Bxc3 9. Bxc3 d5 10. e5 c4 11. exf6 cxd3 12. Qxd3 Qxf6 13. g3 Ba6 14. Qe3 Nc6
15. Nf3 Rac8 16. O-O-O Qf5 17. h3 Na5 18. Ne5 f6 19. Nd3 Nc4 20. Qe1 Qe4 21.
Nf2 Qf5 22. Kb1 Rfe8 23. Nd3 Qe4 24. Rh2 Qxe1 25. Bxe1 Ne3 26. Rc1 Nxc2 27. Nb4
Nxb4 28. Bxb4 Rxc1+ 29. Kxc1 Bd3 30. Kd2 Be4 31. Re2 Rc8 32. Bc3 Kf7 33. g4 h5
34. g5 Kg6 35. h4 Rf8 36. Bb4 Rf7 37. gxf6 gxf6 38. Bd6 Kf5 39. Ke3 Rg7 40. Rh2
Rg3+ 41. Ke2 Rd3 42. Bb8 Rxd4 43. Bxa7 Rc4 44. Ke3 d4+ 45. Kf2 Rc2+ 46. Kg1
Rxh2 47. Kxh2 d3 0-1

[Event "SR 3. liga A2 2008/2009"]
[Site "?"]
[Date "2009.02.08"]
[Round "7.1"]
[White "Malar, Pavol"]
[Black "Mihalik, Marek"]
[Result "1/2-1/2"]
[WhiteElo "2090"]
[BlackElo "2098"]
[PlyCount "68"]
[EventDate "2008.??.??"]

1. e4 c5 2. Nf3 d6 3. Bb5+ Bd7 4. Bxd7+ Nxd7 5. O-O e6 6. Re1 Qc7 7. d3 g6 8.
Nbd2 Bh6 9. Nf1 Bxc1 10. Qxc1 Ne7 11. Qf4 Nc6 12. Ne3 Nce5 13. Nxe5 dxe5 14.
Qg3 O-O 15. Ng4 h5 16. Ne3 Kg7 17. a4 b6 18. Rf1 Rac8 19. f4 exf4 20. Rxf4 a6
21. Raf1 b5 22. axb5 axb5 23. Qf2 Ne5 24. Qd2 Rcd8 25. b3 Rd7 26. Qc3 Qd6 27.
Kh1 Qd4 28. Qe1 c4 29. bxc4 bxc4 30. dxc4 Nxc4 31. Nxc4 Qxc4 32. e5 Rd4 33.
Rxd4 Qxd4 34. Qe2 Rc8 $11 1/2-1/2

[Event "SR 3. liga A2 2008/2009"]
[Site "?"]
[Date "2009.02.08"]
[Round "7.2"]
[White "Pobjecky, Ivan"]
[Black "Peska, Juraj"]
[Result "1/2-1/2"]
[WhiteElo "2039"]
[BlackElo "1960"]
[PlyCount "61"]
[EventDate "2008.??.??"]

1. e4 e6 2. d4 d5 3. Nd2 dxe4 4. Nxe4 Be7 5. Nf3 Nf6 6. Bd3 Nc6 7. O-O O-O 8.
c3 b6 9. Nxf6+ Bxf6 10. Qe2 Bb7 11. Bf4 Ne7 12. Rad1 Ng6 13. Bg3 Qe7 14. Ne5
Bxe5 15. dxe5 Rad8 16. h4 Qc5 17. Rfe1 Ne7 18. Qg4 g6 19. h5 Nf5 20. hxg6 fxg6
21. Bf4 Rde8 22. Qg5 Qe7 23. Qg4 Qf7 24. Bg5 Ng7 25. Qe2 a5 26. Bb5 Rc8 27. Rd7
Qf5 28. Bh6 Rf7 29. Bd3 Qh5 30. Rxf7 Kxf7 31. Bxg7 1/2-1/2

[Event "SR 3. liga A2 2008/2009"]
[Site "?"]
[Date "2009.02.08"]
[Round "7.3"]
[White "Gajarsky, Roman"]
[Black "Manak, Jozef"]
[Result "1/2-1/2"]
[WhiteElo "1943"]
[BlackElo "2009"]
[PlyCount "32"]
[EventDate "2008.??.??"]

1. e4 c5 2. c4 Nc6 3. f4 d6 4. h4 h5 5. Be2 g6 6. Nc3 Nd4 7. Nf3 Nxe2 8. Qxe2
Bg4 9. d3 Bg7 10. g3 e6 11. O-O Ne7 12. Be3 Nc6 13. Qf2 O-O 14. a3 Bxf3 15.
Qxf3 f5 16. Rab1 Nd4 1/2-1/2

[Event "SR 3. liga A2 2008/2009"]
[Site "?"]
[Date "2009.02.08"]
[Round "7.4"]
[White "Gono, Michal"]
[Black "Kollarik, Gorazd"]
[Result "1/2-1/2"]
[WhiteElo "1854"]
[BlackElo "1941"]
[PlyCount "64"]
[EventDate "2008.??.??"]

1. d4 Nf6 2. c4 e5 3. dxe5 Ne4 4. Qc2 Bb4+ 5. Bd2 Nxd2 6. Nxd2 Nc6 7. Ngf3 Qe7
8. a3 Bxd2+ 9. Qxd2 Nxe5 10. Nxe5 Qxe5 11. g3 O-O 12. Bg2 Re8 13. e3 d6 14. O-O
Bf5 15. Rfe1 Rab8 16. Qd4 b6 17. f4 Qxd4 18. exd4 Bd7 19. Kf2 Kf8 20. b4 Rxe1
21. Rxe1 Re8 22. Rxe8+ Kxe8 23. Ke3 f5 24. d5 Ke7 25. Kd4 g6 26. Bf3 Kf6 27. c5
Bb5 28. Bd1 Bf1 29. h4 b5 30. g4 Bc4 31. a4 a6 32. a5 Bf1 $11 1/2-1/2

[Event "SR 3. liga A2 2008/2009"]
[Site "?"]
[Date "2009.02.08"]
[Round "7.5"]
[White "Slamena, Michal"]
[Black "Mihalik, Anton"]
[Result "1-0"]
[WhiteElo "1944"]
[BlackElo "1959"]
[PlyCount "63"]
[EventDate "2008.??.??"]

1. Nf3 d5 2. g3 Nf6 3. Bg2 e6 4. O-O Be7 5. c4 O-O 6. b3 Nbd7 7. Bb2 b6 8. d3
Bb7 9. Nbd2 c5 10. Qc2 Rc8 11. e4 Qc7 12. h4 dxe4 13. dxe4 Bd6 14. Rae1 e5 15.
Nb1 Rfe8 16. Nc3 a6 17. Nd5 Nxd5 18. exd5 Re7 19. Ng5 Nf6 20. f4 h6 21. fxe5
hxg5 22. exf6 Rxe1 23. Rxe1 gxh4 24. Qf5 g6 25. Qg5 hxg3 26. Bh3 Bf8 27. Be6
Re8 28. Qxg6+ Kh8 29. Qh5+ Kg8 30. Re4 Rxe6 31. Rg4+ Bg7 32. Rxg7+ 1-0

[Event "SR 3. liga A2 2008/2009"]
[Site "?"]
[Date "2009.02.08"]
[Round "7.6"]
[White "Bincik, Pavol"]
[Black "Racik, Marek"]
[Result "1-0"]
[WhiteElo "1890"]
[BlackElo "1932"]
[PlyCount "66"]
[EventDate "2008.??.??"]

1. d4 d5 2. c4 c6 3. Nc3 Nf6 4. Nf3 Bf5 5. Qb3 b6 6. cxd5 Nxd5 7. Bg5 Nxc3 8.
bxc3 g6 9. e3 Bg7 10. Bc4 O-O 11. a4 Nd7 12. O-O Rc8 13. Ba6 Rc7 14. Bf4 e5 15.
Nxe5 Nxe5 16. Bxe5 Bxe5 17. dxe5 Re8 18. Rad1 Qg5 19. f4 Qg4 20. Rf2 Be6 21.
Qc2 Bf5 22. Qc1 Be4 23. Be2 Qe6 24. Rd6 Qb3 25. Bd1 Qc4 26. Rd4 Qe6 27. Rxe4 c5
28. f5 gxf5 29. Ref4 Qxe5 30. R2f3 Rce7 31. Rxf5 Qe4 32. Bc2 Qc4 33. e4 Qxc3
1-0

[Event "SR 3. liga A2 2008/2009"]
[Site "?"]
[Date "2009.02.08"]
[Round "7.7"]
[White "Slamka, Michal"]
[Black "Manak, Adrian"]
[Result "1/2-1/2"]
[WhiteElo "1734"]
[BlackElo "1637"]
[PlyCount "98"]
[EventDate "2008.??.??"]

1. c4 Nf6 2. Nc3 c6 3. d4 d5 4. b3 Bf5 5. Nf3 e6 6. c5 Nbd7 7. Bf4 Qa5 8. Qd2
b6 9. Na4 Qxd2+ 10. Bxd2 bxc5 11. Nxc5 Nxc5 12. dxc5 Bxc5 13. Rc1 Ne4 14. e3
Rc8 15. Ba6 Rc7 16. Nd4 Bxd4 17. exd4 Nxd2 18. Kxd2 Kd7 19. Rc5 Rb8 20. f4 Kd6
21. Rhc1 f6 22. Bd3 Bxd3 23. Kxd3 Rb6 24. Re1 Re7 25. Rc2 Rbb7 26. Rec1 Rbc7
27. Re1 e5 28. fxe5+ fxe5 29. dxe5+ Rxe5 30. Rf1 Rce7 31. Rcf2 Re3+ 32. Kd2 d4
33. g3 c5 34. Rg2 a5 35. Rf8 a4 36. Rb8 axb3 37. axb3 Ra7 38. Kc1 Ra1+ 39. Kb2
Rae1 40. Rc2 R1e2 41. Rd8+ Ke7 42. Rd5 d3 43. Rxd3 Rxc2+ 44. Kxc2 Re2+ 45. Rd2
Rxd2+ 46. Kxd2 Kd6 47. Kd3 Kd5 48. Ke3 Ke5 49. Kd3 Kd5 $11 1/2-1/2

[Event "SR 3. liga A2 2008/2009"]
[Site "?"]
[Date "2009.02.08"]
[Round "7.8"]
[White "Gubis, Vladimir"]
[Black "Barca, Michal"]
[Result "1-0"]
[WhiteElo "1755"]
[BlackElo "1783"]
[PlyCount "59"]
[EventDate "2008.??.??"]

1. d4 c6 2. e4 d5 3. Nc3 e6 4. Nf3 Nf6 5. Bd3 Be7 6. O-O b6 7. Qe2 Bb7 8. Re1
c5 9. exd5 Nxd5 10. Nxd5 exd5 11. c3 a6 12. Ng5 g6 13. Qe5 O-O 14. Qxe7 Bc8 15.
Qxd8 Rxd8 16. h3 Nc6 17. Nf3 f6 18. Bf4 c4 19. Bc2 b5 20. Re2 Kf7 21. Bc7 Rh8
22. Nh4 Bd7 23. Rae1 Rag8 24. Bd6 h5 25. Re7+ Nxe7 26. Rxe7+ Kf8 27. Rxd7+ Ke8
28. Re7+ Kd8 29. Bxg6 Rh6 30. Bf5 1-0

[Event "SR 3. liga A2 2008/2009"]
[Site "?"]
[Date "2009.02.08"]
[Round "7.1"]
[White "Halas, Miroslav"]
[Black "Kovacocy, Pavel"]
[Result "0-1"]
[WhiteElo "1939"]
[BlackElo "2232"]
[PlyCount "102"]
[EventDate "2008.??.??"]

1. e4 c5 2. Nf3 g6 3. d4 cxd4 4. Nxd4 Nc6 5. c4 Nf6 6. Nc3 d6 7. Be2 Bg7 8. Be3
O-O 9. O-O Bd7 10. Nb3 Qc8 11. Rc1 Rd8 12. c5 dxc5 13. Nxc5 Bg4 14. Qb3 b6 15.
N5a4 Na5 16. Qb5 Bxe2 17. Qxe2 Qe6 18. f3 Rac8 19. b3 Nc6 20. Rfd1 Rxd1+ 21.
Rxd1 Rd8 22. Rxd8+ Nxd8 23. Qb5 Nc6 24. Bf2 Qd6 25. Nd5 Nxd5 26. exd5 Nb4 27.
Bg3 e5 28. Qe8+ Qf8 29. Qd7 Bf6 30. Qxa7 Nxd5 31. Qd7 Nc3 32. Nxc3 Qc5+ 33. Kf1
Qxc3 34. Ke2 Qc2+ 35. Qd2 Qb1 36. Bf2 b5 37. Be3 e4 38. fxe4 Qxe4 39. Kf1 h5
40. Qe2 Bh4 41. g3 Bf6 42. Bg1 Qc6 43. Be3 h4 44. Qg2 Qc3 45. Qd2 Qe5 46. Bf4
Qe4 47. Be3 hxg3 48. hxg3 Be5 49. Bf4 Bd4 50. Bd6 Qf3+ 51. Ke1 Bc3 0-1

[Event "SR 3. liga A2 2008/2009"]
[Site "?"]
[Date "2009.02.08"]
[Round "7.2"]
[White "Liptak, Tomas"]
[Black "Klanica, Anton"]
[Result "1-0"]
[WhiteElo "2021"]
[BlackElo "1956"]
[PlyCount "57"]
[EventDate "2008.??.??"]

1. e4 e6 2. d4 d5 3. Nc3 Ne7 4. Nf3 Ng6 5. h4 Bb4 6. e5 Ne7 7. a3 Bxc3+ 8. bxc3
b6 9. Bd3 Ba6 10. Bxa6 Nxa6 11. Qd3 Nb8 12. h5 Qd7 13. h6 g6 14. Bg5 Nbc6 15.
Bf6 Rg8 16. Ng5 O-O-O 17. Nxh7 Rh8 18. Ng5 Nf5 19. h7 Rdf8 20. g4 Nd6 21. exd6
cxd6 22. Qf3 Nd8 23. Bxh8 Rxh8 24. Qf6 Qe8 25. f4 Kd7 26. Kd2 Kc6 27. Rae1 Kb5
28. f5 gxf5 29. gxf5 1-0

[Event "SR 3. liga A2 2008/2009"]
[Site "?"]
[Date "2009.02.08"]
[Round "7.3"]
[White "Hagara, Vladimir"]
[Black "Sarmír, Milos"]
[Result "0-1"]
[WhiteElo "1969"]
[BlackElo "2086"]
[PlyCount "36"]
[EventDate "2008.??.??"]

1. d4 Nf6 2. c4 e6 3. Nc3 d5 4. Bg5 Nbd7 5. e3 Be7 6. Nf3 h6 7. Bh4 O-O 8. Rc1
b6 9. cxd5 exd5 10. Be2 Bb7 11. O-O Ne4 12. Bxe7 Qxe7 13. a3 c5 14. dxc5 Nxc3
15. Rxc3 bxc5 16. Bd3 Rfd8 17. Qe2 Qf6 18. Ba6 Bxa6 0-1

[Event "SR 3. liga A2 2008/2009"]
[Site "?"]
[Date "2009.02.08"]
[Round "7.4"]
[White "Liptak, Dusan"]
[Black "Bahna, Jan"]
[Result "1-0"]
[WhiteElo "1927"]
[BlackElo "1935"]
[PlyCount "41"]
[EventDate "2008.??.??"]

1. Nf3 d5 2. c4 c6 3. d4 Nf6 4. e3 g6 5. b3 Bg7 6. Bb2 O-O 7. Bd3 dxc4 8. bxc4
c5 9. O-O cxd4 10. exd4 Nc6 11. d5 Nb4 12. Be2 Na6 13. Nbd2 Nc5 14. Nb3 Na4 15.
Bd4 b5 16. cxb5 Qxd5 17. Na5 Nb6 18. Nc6 Re8 19. a4 Nfd7 20. Bxg7 Kxg7 21. a5
1-0

[Event "SR 3. liga A2 2008/2009"]
[Site "?"]
[Date "2009.02.08"]
[Round "7.5"]
[White "Holicky, Miroslav"]
[Black "Vlkovic, Pavol"]
[Result "0-1"]
[WhiteElo "1872"]
[BlackElo "1934"]
[PlyCount "68"]
[EventDate "2008.??.??"]

1. e4 e5 2. c4 d6 3. Nc3 Nf6 4. g3 g6 5. Bg2 Bg7 6. d3 O-O 7. Nge2 c6 8. O-O
Nbd7 9. h3 a5 10. Be3 Ne8 11. d4 f5 12. f4 Qe7 13. Qd2 Ndf6 14. Kh2 exd4 15.
Nxd4 Nxe4 16. Nxe4 fxe4 17. Rad1 Bf5 18. g4 Be6 19. b3 Bf7 20. f5 Be5+ 21. Kh1
d5 22. Bh6 Bg7 23. Bxg7 Kxg7 24. g5 Kg8 25. f6 Qe5 26. Rfe1 Nd6 27. cxd5 Bxd5
28. Qe3 a4 29. Nf3 Qg3 30. Nd2 Qxe3 31. Rxe3 axb3 32. axb3 Nf5 33. Ree1 e3 34.
Ne4 Bxe4 0-1

[Event "SR 3. liga A2 2008/2009"]
[Site "?"]
[Date "2009.02.08"]
[Round "7.6"]
[White "Hornak, Pavol"]
[Black "Svoboda, Adam"]
[Result "1-0"]
[WhiteElo "1743"]
[BlackElo "1815"]
[PlyCount "101"]
[EventDate "2008.??.??"]

1. d4 d5 2. c4 c6 3. Nf3 Nf6 4. e3 Bf5 5. Be2 e6 6. O-O Be7 7. Nh4 Be4 8. Nc3
Nbd7 9. f3 Bg6 10. Nxg6 hxg6 11. e4 dxc4 12. Bxc4 Nb6 13. Bb3 Qc7 14. g3 Nh5
15. f4 O-O-O 16. Be3 Kb8 17. Qe2 c5 18. Rac1 cxd4 19. Nb5 Qd7 20. Bxd4 Rc8 21.
Be5+ Ka8 22. Nc7+ Kb8 23. Rfd1 Qxc7 24. Bxc7+ Rxc7 25. Rxc7 Kxc7 26. f5 gxf5
27. exf5 Bc5+ 28. Kg2 exf5 29. Bxf7 Nf6 30. Rc1 Nbd7 31. b4 Ng4 32. h4 Kb8 33.
bxc5 Nde5 34. Bb3 g5 35. Rh1 f4 36. Bd5 Ne3+ 37. Kg1 Rd8 38. gxf4 gxf4 39. Bb3
Rd7 40. Rh2 Rg7+ 41. Rg2 f3 42. Rxg7 fxe2 43. Kf2 Nf5 44. Rg8+ Kc7 45. Kxe2
Nxh4 46. Ke3 Nhg6 47. Bd5 b6 48. Rg7+ Kd8 49. cxb6 axb6 50. Kd4 b5 51. Be4 1-0

[Event "SR 3. liga A2 2008/2009"]
[Site "?"]
[Date "2009.02.08"]
[Round "7.7"]
[White "Herega, Jozef"]
[Black "Markuliak, Mario"]
[Result "1-0"]
[WhiteElo "1880"]
[BlackElo "1702"]
[PlyCount "119"]
[EventDate "2008.??.??"]

1. d4 d5 2. c4 e6 3. Nf3 Nf6 4. Bg5 h6 5. Bh4 Be7 6. e3 O-O 7. Bd3 dxc4 8. Bxc4
b6 9. O-O Bb7 10. Nbd2 Nbd7 11. Qe2 c5 12. Ba6 Qc8 13. Bxb7 Qxb7 14. Rac1 Rfd8
15. Nb3 cxd4 16. Nbxd4 Nc5 17. b4 Nce4 18. Nc6 Rd7 19. Nxe7+ Rxe7 20. Qc2 g5
21. Bg3 Nxg3 22. hxg3 Rd8 23. Nd4 Red7 24. Nxe6 Re8 25. Nd4 Ne4 26. Qc6 Qxc6
27. Rxc6 Kh7 28. Rfc1 Ree7 29. Nf5 Re6 30. Rc7 Rxc7 31. Rxc7 Rf6 32. g4 a6 33.
f3 Nd2 34. e4 Kg6 35. Rc1 Re6 36. Kf2 Re8 37. Ke2 Nxe4 38. fxe4 Rxe4+ 39. Kf3
Rf4+ 40. Kg3 Rxb4 41. Rc6+ f6 42. Ne7+ Kf7 43. Nd5 Ra4 44. Rxf6+ Kg7 45. Rxb6
Ra3+ 46. Rb3 Rxa2 47. Ne3 a5 48. Nc4 Ra4 49. Nd6 Rb4 50. Rxb4 axb4 51. Kf3 b3
52. Nc4 Kg6 53. Ke4 h5 54. gxh5+ Kxh5 55. Kf5 Kh4 56. g4 Kg3 57. Kxg5 Kf3 58.
Kf5 Ke2 59. Ke5 Kd3 60. Kd5 1-0

[Event "SR 3. liga A2 2008/2009"]
[Site "?"]
[Date "2009.02.08"]
[Round "7.8"]
[White "Prigoda, Lubos"]
[Black "Babirat, Michal"]
[Result "0-1"]
[WhiteElo "1435"]
[BlackElo "1588"]
[PlyCount "72"]
[EventDate "2008.??.??"]

1. e4 c5 2. Nf3 d6 3. d4 cxd4 4. Nxd4 Nf6 5. Nc3 g6 6. Bg5 Bg7 7. Qd2 Nc6 8.
Bb5 Bd7 9. Bxc6 bxc6 10. Bh6 O-O 11. Bxg7 Kxg7 12. O-O c5 13. Nde2 Bc6 14. Ng3
Qb6 15. b3 Qb4 16. Rad1 Qb7 17. Rfe1 Nd7 18. Nd5 Nb6 19. c4 a5 20. e5 dxe5 21.
Rxe5 e6 22. Nf4 Nd7 23. Nxe6+ fxe6 24. Rxe6 Rf7 25. Qc3+ Kg8 26. Rde1 Raf8 27.
Re8 Nf6 28. Rxf8+ Rxf8 29. Qxa5 Bxg2 30. Qxc5 Bc6 31. Re7 Qc8 32. Qe5 Qd8 33.
h4 Qd1+ 34. Nf1 Qf3 35. Qh2 Ng4 36. Re3 Nxh2 0-1